000 01870nam a22003257a 4500
005 20170923020002.0
008 150917b2014 ck ||||| |||| 00| 0 spa d
020 _a9789588889276
040 _aCO-BoIAVH
_cCO-BoIAVH
041 0 _aspa
044 _ack
082 0 4 _a333.91816
_bL34h
245 1 3 _aX. Humedales interiores de Colombia:
_bidentificación, caracterización y establecimiento de limites según criterios biológicos y ecológicos /
_cEditores: Carlos A. Lasso, Francisco de Paula Gutiérrez y Diana Morales B.
260 _aBogotá (Colombia):
_bInstituto de Investigación de Recursos Biológicos Alexander von Humboldt,
_bJavegraf,
_c2014.
300 _a255 páginas :
_bmapas, ilustraciones y fotografías a color ;
_c25 cm.
490 0 _aSerie recursos hidrobiológicos y pesqueros continentales de Colombia
500 _aIncluye tabla de siglas y acrónimos. Incluye anexos.
504 _aIncluye referencias bibliográficas.
505 0 _aEcosistemas acuáticos continentales: generalidades. Humedales: identificación y definiciones. Humedales interiores de Colombia: principales investigaciones, tipologías y propuestas de clasificación. Uso de la biota acuática en la identificación, caracterización y establecimiento de límites en humedales interiores. Integridad biotica de los humedales colombianos: una visión desde la calidad del agua. Amenazas y vulnerabilidad.
650 6 _aHumedales
_zColombia
650 6 _aHumedales
_xcaracterización
650 6 _aHumedales
_xdelimitación
650 4 _aHumedales interiores
650 4 _aEcosistemas lénticos
650 4 _aEcosistemas lóticos
700 1 _aLasso, Carlos A.
_eEditor
700 1 _aGutiérrrez, Francisco de Paula
_eEditor
700 1 _aMorales-Betancourt, Diana
_eEditora
942 _2ddc
_cLIBRO
_03
999 _c17770
_d17770